000 00374 a2200169 4500
001 69040
020 _a8532248004
040 _cAnchieta - Itaigara
100 _aGrisolia, Dulcy
240 1 0 _aA galinha dos ovos de ouro
_lpor
245 1 0 _aA galinha dos ovos de ouro
300 _a24
362 0 _a2001
440 1 _aFTD
650 4 _aLiteratura infantil
942 _cBK
999 _c69040
_d69040